Systémové modelovanie

Na minha lista:
Detalhes bibliográficos
Autor principal: Šimkovic, Ján
Outros Autores: Walter, Jaromír
Formato: Livro
Idioma:eslovaco
Publicado em: Bratislava Alfa 1983
Colecção:Edícia ekonomickej literatúry
Tags: Adicionar Tag
Sem tags, seja o primeiro a adicionar uma tag!

MARC

LEADER 00000nam a2200000 4500
001 c132688
005 20221220090945.6
041 0 |a slo 
044 |a SK 
245 1 0 |a Systémové modelovanie  |c Ján Šimkovic, Jaromír Walter 
264 1 |a Bratislava  |b Alfa  |c 1983 
300 |a 200 s. 
490 1 |a Edícia ekonomickej literatúry 
830 0 |a Edícia ekonomickej literatúry 
100 1 |a Šimkovic, Ján 
700 1 |a Walter, Jaromír